Fictional Characters by Pictures - D - Statistics

General Stats
  • This quiz has been taken 76 times
  • The average score is 10 of 20
Answer Stats
Picture Answer % Correct
Darth Vader
93%
Donald Duck
93%
Dora
93%
Deadpool
88%
Dory
87%
Daphne
84%
Daisy Duck
78%
Dopey
67%
Dragon
62%
Doc
59%
Dexter Morgan
51%
Daenerys
38%
Daria
33%
Damon Salvatore
19%
Derek Shepherd
14%
Draculaura
14%
Drake Parker
12%
Dan Espinoza
7%
Diana Barry
1%
Diane Nguyen
1%
No matching quizzes found
Score Distribution
Percent of People with Each Score
Percentile by Number Answered
Your Score History
You have not taken this quiz